Evaluation of rural sanitation programme in Maharashtra. (Record no. 13820)

MARC details
000 -LEADER
fixed length control field 00310nam a2200121Ia 4500
082 ## - DEWEY DECIMAL CLASSIFICATION NUMBER
Classification number RE.0012
100 ## - MAIN ENTRY--AUTHOR NAME
Personal name Progressive Research Aids Priv
245 #0 - TITLE STATEMENT
Title Evaluation of rural sanitation programme in Maharashtra.
260 ## - PUBLICATION, DISTRIBUTION, ETC. (IMPRINT)
Year of publication 0
300 ## - PHYSICAL DESCRIPTION
Number of Pages v.p.
942 ## - ADDED ENTRY ELEMENTS (KOHA)
Koha item type Books
Holdings
Withdrawn status Lost status Damaged status Not for loan Home library Current library Date acquired Bill Date Full call number Accession Number Price effective from Koha item type
        NASSDOC Library NASSDOC Library 08/10/2004 2008-12-30 RE.0012 32544 18/04/2019 Books